000 00579 a2200193 4500
001 61822
005 20260407155909.0
008 260407a1979 arg spa d
003 AR-UNSa-BCEJYS
040 _aAR-UNSa-BCEJYS
_bspa
_cAR-UNSa-BCEJYS
080 _a347.72
_xSociedades comerciales
245 1 0 _aEl objeto en las sociedades comerciales
_pSus cláusulas enunciativas. Modelos típicos
264 1 _aBuenos Aires :
_bAstrea
_c1979
300 _a187 p.
_c20 cm.
041 _aspa
942 _cBK
590 _aniveau_biblio:m niveau_hierar:0
100 1 _aAramouni, Alberto
999 _c7426
_d7426